[Event "Florianopolis Spring op 2nd"]
[Site "Florianopolis"]
[Date "2022.10.23"]
[Round "6"]
[White "Devens, Bruno Vendrusculo"]
[Black "Reichert, Thiago da Cruz"]
[Result "1/2-1/2"]
[WhiteElo "1564"]
[BlackElo "1985"]
[PlyCount "55"]
[EventDate "2022.10.21"]
[EventType "swiss"]
[EventRounds "6"]
[EventCountry "BRA"]
[SourceTitle "EXT 2024"]
[Source "ChessBase"]
[SourceDate "2023.10.10"]
[SourceVersion "1"]
[SourceVersionDate "2023.10.10"]
[SourceQuality "1"]

1. e4 e6 2. d4 d5 3. Nc3 Nf6 4. Bg5 Be7 5. e5 Nfd7 6. h4 a6 7. Qg4 h5 8. Qg3 g6 9. Nf3 c5 10. dxc5 Nc6 11. 0-0-0 Nxc5 12. Qf4 b5 13. Rh3 b4 14. Bxe7 Qxe7 15. Ne2 Bb7 16. Ng5 Nd7 17. Nd4 Rc8 18. Nxc6 Rxc6 19. Rf3 Rf8 20. Rd4 Nxe5 21. Re3 f6 22. Rd1 fxg5 23. Qxe5 Bc8 24. Bd3 Qf6 25. Qxf6 Rxf6 26. hxg5 Rxf2 27. Bxg6+ Ke7 28. Rf3 1/2-1/2

[Event "Concordia op 6th"]
[Site "Concordia"]
[Date "2022.10.16"]
[Round "9"]
[White "Machado, Luiz Fernando"]
[Black "Devens, Bruno Vendrusculo"]
[Result "0-1"]
[WhiteElo "1728"]
[BlackElo "1564"]
[PlyCount "92"]
[EventDate "2022.10.12"]
[EventType "swiss"]
[EventRounds "9"]
[EventCountry "BRA"]
[SourceTitle "EXT 2024"]
[Source "ChessBase"]
[SourceDate "2023.10.10"]
[SourceVersion "1"]
[SourceVersionDate "2023.10.10"]
[SourceQuality "1"]

1. d4 Nf6 2. Nc3 d5 3. Bf4 e6 4. Nb5 Na6 5. e3 c6 6. Nc3 Nc7 7. a3 Be7 8. Nf3 b6 9. Ne5 Bb7 10. Bd3 0-0 11. g4 c5 12. Qf3 c4 13. Bxc4 b5 14. Bd3 b4 15. axb4 Bxb4 16. 0-0 Bxc3 17. bxc3 Ne4 18. Rfb1 f6 19. Rxb7 fxe5 20. Bxe4 dxe4 21. Qxe4 exf4 22. exf4 Qd5 23. Qxd5 Nxd5 24. Raxa7 Rxa7 25. Rxa7 Nxc3 26. f5 exf5 27. gxf5 Ne2+ 28. Kg2 Nxd4 29. c4 Rc8 30. f6 gxf6 31. Ra4 Rc5 32. Kg3 Kf7 33. Kf4 Ke6 34. Ke4 Nc6 35. f4 Ra5 36. Rxa5 Nxa5 37. c5 f5+ 38. Kd4 Nc6+ 39. Kc4 h6 40. h3 Na7 41. Kd4 Nb5+ 42. Kc4 Nc7 43. Kd4 Nd5 44. c6 Kd6 45. h4 h5 46. Kd3 Kxc6 0-1

[Event "Concordia op 6th"]
[Site "Concordia"]
[Date "2022.10.12"]
[Round "1"]
[White "Devens, Bruno Vendrusculo"]
[Black "Nascimento, Heitor M Barbieri"]
[Result "1-0"]
[WhiteElo "1564"]
[BlackElo "1683"]
[PlyCount "53"]
[EventDate "2022.10.12"]
[EventType "swiss"]
[EventRounds "9"]
[EventCountry "BRA"]
[SourceTitle "CBM 210 Extra"]
[Source "ChessBase"]
[SourceDate "2022.11.30"]
[SourceVersion "1"]
[SourceVersionDate "2022.11.30"]
[SourceQuality "1"]

1. e4 e6 2. d4 Nc6 3. Nc3 Be7 4. Be3 Nf6 5. e5 Nd5 6. Nxd5 exd5 7. Qg4 d6 8. Qxg7 Kd7 9. Nf3 dxe5 10. dxe5 Nb4 11. e6+ Kxe6 12. Qg4+ Kd6 13. Qxb4+ Ke6 14. Qb3 c6 15. 0-0-0 Kf6 16. Bd4+ Kg6 17. Bd3+ Bf5 18. Bxf5+ Kxf5 19. Qd3+ Ke6 20. Rhe1+ Kd7 21. Qf5+ Kc7 22. Bxh8 Qxh8 23. Rxe7+ Kb6 24. Rd3 Ka5 25. Rxb7 Ka6 26. Qd7 Qc8 27. Ra3# 1-0

[Event "Santa Catarina-ch U18"]
[Site "Blumenau"]
[Date "2022.03.27"]
[Round "5"]
[White "Cuco, Gustavo Henrique"]
[Black "Devens, Bruno Vendrusculo"]
[Result "0-1"]
[WhiteElo "1225"]
[BlackElo "1579"]
[PlyCount "44"]
[EventDate "2022.03.25"]
[EventType "swiss"]
[EventRounds "6"]
[EventCountry "BRA"]
[SourceTitle "EXT 2023"]
[Source "ChessBase"]
[SourceDate "2022.10.05"]
[SourceVersion "1"]
[SourceVersionDate "2022.10.05"]
[SourceQuality "1"]

1. e4 c5 2. c3 g6 3. Bc4 Nc6 4. Nf3 Nf6 5. d3 d6 6. 0-0 Bg7 7. Re1 0-0 8. d4 cxd4 9. cxd4 d5 10. exd5 Na5 11. b3 Nxd5 12. Bxd5 Qxd5 13. Nc3 Qd6 14. Bb2 Bf5 15. Qd2 Nc6 16. Rad1 Rfd8 17. d5 Nb4 18. Ba3 a5 19. Qg5 Bxc3 20. Rxe7 Bf6 21. Bxb4 axb4 22. Re6 Qxe6 0-1

[Event "Santa Catarina-ch U18"]
[Site "Blumenau"]
[Date "2022.03.26"]
[Round "3"]
[White "Decezare, Jucian Kaue"]
[Black "Devens, Bruno Vendrusculo"]
[Result "1-0"]
[WhiteElo "1627"]
[BlackElo "1579"]
[PlyCount "66"]
[EventDate "2022.03.25"]
[EventType "swiss"]
[EventRounds "6"]
[EventCountry "BRA"]
[SourceTitle "EXT 2023"]
[Source "ChessBase"]
[SourceDate "2022.10.05"]
[SourceVersion "1"]
[SourceVersionDate "2022.10.05"]
[SourceQuality "1"]

1. e4 c5 2. Nf3 e6 3. d3 Nc6 4. g3 b5 5. Bg2 Bb7 6. 0-0 Be7 7. Re1 d6 8. Nbd2 Nf6 9. Nf1 0-0 10. h4 Qc7 11. N1h2 Rfc8 12. Ng5 Bf8 13. Bh3 Qd8 14. Bf4 a5 15. Ng4 Rc7 16. c3 a4 17. d4 Rd7 18. Nxf6+ gxf6 19. Nxe6 fxe6 20. Bxe6+ Kh8 21. Bxd7 Qxd7 22. dxc5 Ne5 23. Bxe5 fxe5 24. cxd6 Bxd6 25. Qh5 Qe7 26. Rad1 Rg8 27. Rd2 Bc5 28. Kh2 Qf6 29. f3 b4 30. cxb4 Bd4 31. Rc2 Rg6 32. b5 Bc8 33. Qf5 Qxh4+ 1-0

[Event "Santa Catarina-ch U18"]
[Site "Blumenau"]
[Date "2022.03.26"]
[Round "2"]
[White "Devens, Bruno Vendrusculo"]
[Black "Correia, Pedro Bavaresco"]
[Result "1-0"]
[WhiteElo "1579"]
[BlackElo "1932"]
[PlyCount "84"]
[EventDate "2022.03.25"]
[EventType "swiss"]
[EventRounds "6"]
[EventCountry "BRA"]
[SourceTitle "EXT 2023"]
[Source "ChessBase"]
[SourceDate "2022.10.05"]
[SourceVersion "1"]
[SourceVersionDate "2022.10.05"]
[SourceQuality "1"]

1. e4 c6 2. d4 d5 3. e5 Bf5 4. Nc3 e6 5. g4 Bg6 6. Nge2 c5 7. h4 h5 8. Nf4 Bh7 9. Nxh5 Nc6 10. Be3 a6 11. f4 Qa5 12. Qd2 0-0-0 13. a3 cxd4 14. Bxd4 Nxd4 15. Qxd4 Be4 16. Rh2 Bf3 17. Be2 Bxe2 18. Kxe2 Nh6 19. Kf3 Bc5 20. Qd3 Be7 21. Ne2 d4 22. Qe4 Qd2 23. Kg3 Nf5+ 24. gxf5 Rxh5 25. fxe6 fxe6 26. Ng1 Qa5 27. Nf3 Qb6 28. b4 Rf5 29. Ng5 Rdf8 30. Rf2 Bxg5 31. hxg5 d3 32. Raf1 dxc2 33. Rxc2+ Kb8 34. Rf3 Qg1+ 35. Rg2 Qc1 36. Kg4 b6 37. a4 Qh1 38. Kg3 Rh8 39. Kf2 Qd1 40. b5 axb5 41. axb5 Rh1 42. g6 Rf1+ 1-0